00462 2200193 4500001002100000005001500021035002000036008004100056245003000097100001800127250000600145260004600151300001100197084001400208082000800222650001400230990001200244990001200256INLIS00000000000036620240503072454 a0010-0424000342240503 0 ind 1 aPemupukan /cRiyo Samekto aSamekto, Riyo a1 aYogyakarta :bPT. Citra Aji Parama,c2015 a60 hlm a600 RIY p a600 4aNon Fiksi a0728568 a0728569